Normal view
MARC view
Entry Topical Term
001 - CONTROL NUMBER
- control field: 21307
003 - CONTROL NUMBER IDENTIFIER
- control field: dpl
005 - DATE AND TIME OF LATEST TRANSACTION
- control field: 20100923144145.0
008 - FIXED-LENGTH DATA ELEMENTS
- fixed length control field: 100923|||a|||||| | ||| d
040 ## - CATALOGING SOURCE
- Original cataloging agency: dpl
- Transcribing agency: dpl
150 ## - HEADING--TOPICAL TERM
- Topical term or geographic name as entry element: सामान्य ज्ञान
670 ## - SOURCE DATA FOUND
- Source citation: Work cat.: (dpl)36593: गुप्त, भगवान स्वरूप 21306, कंप्यूटर से भी तेज गणन प्रक्रियाएँ /, 2010
670 ## - SOURCE DATA FOUND
- Source citation: Work cat.: (dpl)36593: गुप्त, भगवान स्वरूप 21306, कंप्यूटर से भी तेज गणन प्रक्रियाएँ /, 2010
